Pays en T en 2 minutes - Statistiques

Statistiques générales
  • Ce quiz a été pris 320 fois
  • Le résultat moyen est 7 sur 12
Statistiques - réponses
Hint Réponse % Correct
11 Turquie
87%
3 Tanzanie
77%
10 Turkménistan
74%
9 Tunisie
72%
1 Tadjikistan
69%
7 Togo
68%
5 Thaïlande
59%
12 Tuvalu
57%
8 Trinité et Tobago
53%
2 Taiwan
49%
4 Tchad
41%
6 Timor orientale
22%
Aucun quiz correspondant
Distribution des résultats
% des personnes avec chaque résultat
Percentile par nombre de réponses
Votre historique - résultats
Vous n’avez pas pris ce quiz